| 000 | 00713nam a2200217Ii 4500 | ||
|---|---|---|---|
| 003 | JO-AjNU | ||
| 008 | 230605s9999||||xx |||||||||||||| ||und|| | ||
| 017 | _a1997/5995 | ||
| 040 |
_aJO-AjNU _bara _erda _cJO-AjNU |
||
| 041 | _aara | ||
| 050 | 1 | 4 | _aBP144.I7566 1997 |
| 100 | 3 |
_aإسماعيل، محمد بكر, _eauthor _956539 |
|
| 245 | 0 | 0 | _aالقواعد الفقهية بين الأصالة والتوجيه |
| 250 | _aط1 | ||
| 264 | 3 | 1 | _aالقاهرة: دار المنار للطبع والنشر والتوزيع، 1997 |
| 300 | _a440ص | ||
| 336 |
_atext _btxt _2rdacontent |
||
| 337 |
_aunmediated _bn _2rdamedia |
||
| 338 |
_avolume _bnc _2rdacarrier |
||
| 650 | 4 |
_aالفقه- قواعد _956540 |
|
| 999 |
_aA25282 _c28850 _d28850 |
||